Detalles MARC
| 000 -ENCABEZADO |
| Número de control [NR] |
02370 a2200349 4500 |
| 005 - FECHA Y HORA DE LA ÚLTIMA TRANSACCIÓN |
| control field |
20140609165528.0 |
| 008 - DE LONGITUD FIJA DE DATOS DE ELEMENTOS - INFORMACIÓN GENERAL |
| Elementos de longitud fija [NR] |
140301s2006 xxu g q mlmul d |
| 040 ## - FUENTE DE CATALOGACION [NR] |
| Agencia de catalogación original [NR] |
CO-BoUCM |
| Idioma de catalogación [NR] |
spa |
| Quien Cataloga |
|
| Quien Clasifica |
|
| 041 ## - CODIGO DE IDIOMA [R] |
| Código de idioma para texto/pista de sonido o título separado [R] |
Inglés |
| 041 ## - CODIGO DE IDIOMA [R] |
| Código de idioma para texto/pista de sonido o título separado [R] |
Francés |
| 092 ## - SIGNATURA TOPOGRAFICA LOCAL |
| Número de clasificación local |
DVD 1324 |
| 245 00 - MENCION DE TITULO [NR] |
| Título [NR] |
Stranger than fiction |
| Mención de responsabilidad, etc. [NR] |
Marc Forster, director |
| Medio físico [NR] |
[DVD] |
| 246 13 - FORMA VARIANTE DEL TITULO [R] |
| Título propiamente dicho/forma breve del título [NR] |
Más extraño que la ficción |
| 260 ## - PUBLICACION, DISTRIBUCION, ETC. (PIE DE IMPRENTA) [R] |
| Lugar de publicación, distribución, etc. [R] |
Washington D.C. (Estados Unidos) |
| Nombre del editor, distribuidor, etc. [R] |
Columbia Pictures |
| Fecha de publicación, distribución, etc. [R] |
2006 |
| 300 ## - DESCRIPCION FISICA [R] |
| Extensión [R] |
1 DVD, 113 minutos |
| Otros detalles físicos [NR] |
imagen, sonido, color |
| 500 ## - NOTA GENERAL [R] |
| Nota general [NR] |
SINOPSIS: Todo el mundo sabe que su vida es una historia. Pero ¿qué pasa si una historia es su vida? Harold Crick es un agente promedio IRS: monótono, aburrido y repetitivo. Pero un día todo esto cambia cuando Harold comienza a oír un autor dentro de su cabeza que narra su vida. El narrador es extraordinariamente preciso, y Harold reconoce la voz como un autor preciado que vio en la televisión. Pero cuando la narración revela que él se va a morir, Harold debe encontrar el autor de la historia, y en última instancia de su vida, para convencerlo de que cambie el final de la historia antes de que sea demasiado tarde |
| 508 ## - NOTA DE CREDITOS DE CREACION/PRODUCCION [R] |
| Nota de créditos de creación/producción [NR] |
CRÉDITOS: Dirigida por Marc Forster ; escrita por Zach Helm ; música por Britt Daniel y Brian Reitzell ; fotografía por Roberto Schaefer ; diseño de producción por Kevin Thompson ; dirección de arte Craig Jackson ; ambientación Ford Wheeler ; vestuario Frank L. Fleming |
| 511 0# - NOTA DE PARTICIPANTE O INTERPRETE [R] |
| Nota de participante o intérprete [NR] |
REPARTO: Will Ferrell, William Dick, Guy Massey, Martha Espinoza, Ricky Adams, Christian Stolte, Emma Thompson, Queen Latifah, Tony Hale |
| 546 ## - NOTA DE IDIOMA [R] |
| Nota de idioma [NR] |
Audio en inglés y francés. Subtítulos en inglés y francés |
| 650 #4 - ASIENTO SECUNDARIO DE MATERIA - TERMINO TEMATICO [R] |
| 9 (RLIN) |
57043 |
| Término temático o nombre geográfico como elemento de entrada [NR] |
Amor en el cine |
| Subdivisión de forma [R] |
DVD |
| 650 #7 - ASIENTO SECUNDARIO DE MATERIA - TERMINO TEMATICO [R] |
| Término temático o nombre geográfico como elemento de entrada [NR] |
Cine fantástico |
| Subdivisión de forma [R] |
DVD |
| 9 (RLIN) |
57721 |
| 650 #4 - ASIENTO SECUNDARIO DE MATERIA - TERMINO TEMATICO [R] |
| Término temático o nombre geográfico como elemento de entrada [NR] |
Escritores en el cine |
| Subdivisión de forma [R] |
DVD |
| 9 (RLIN) |
57722 |
| 650 #7 - ASIENTO SECUNDARIO DE MATERIA - TERMINO TEMATICO [R] |
| 9 (RLIN) |
51326 |
| Término temático o nombre geográfico como elemento de entrada [NR] |
Películas cinematográficas |
| Subdivisión geográfica [R] |
Estados Unidos |
| Subdivisión de forma [R] |
DVD |
| 690 ## - ASUNTO AGREGADO LOCAL DE ENTRADA - TÉRMINO TEMÁTICO (OCLC, RLIN) |
| 9 (RLIN) |
42805 |
| Acceso temático local |
Entretenimiento |
| 700 1# - ASIENTO SECUNDARIO - NOMBRE PERSONAL [R] |
| Nombre personal [NR] |
Forster, Marc |
| Término de relación [R] |
director |
| 9 (RLIN) |
57621 |
| 710 2# - ASIENTO SECUNDARIO - NOMBRE CORPORATIVO [R] |
| Nombre corporativo o de jurisdicción como elemento de entrada [NR] |
Columbia Pictures |
| 9 (RLIN) |
51621 |
| 710 2# - ASIENTO SECUNDARIO - NOMBRE CORPORATIVO [R] |
| Nombre corporativo o de jurisdicción como elemento de entrada [NR] |
Mandate Pictures |
| 9 (RLIN) |
57622 |
| 710 2# - ASIENTO SECUNDARIO - NOMBRE CORPORATIVO [R] |
| Nombre corporativo o de jurisdicción como elemento de entrada [NR] |
Three Strange Angels |
| 9 (RLIN) |
57623 |
| 765 0# - ASIENTO DE IDIOMA ORIGINAL [R] |
| Título [NR] |
Stranger than fiction |
| 856 40 - LOCALIZACION Y ACCESO ELECTRONICOS [R] |
| Identificador Uniforme del Recurso (“URI”) [R] |
<a href="https://www.youtube.com/watch?v=PZpg8VII7es">https://www.youtube.com/watch?v=PZpg8VII7es</a> |
| Nota dirigida al público [R] |
Siga este enlace para ver el trailer |
| -- |
Trailer tomado del canal Crackle Movies & Television vía YouTube.com |
| 942 ## - ELEMENTOS DE ENTRADA AGREGADOS (KOHA) |
| Source of classification or shelving scheme |
LOCAL |
| Tema principal |
Entretenimiento |
| Koha item type |
Multimedia |
| Edition |
1 |
| Classification part |
DVD 1324 |